BUBT Library Online Catalog

A Preface to Marketing Management: (Record no. 1995)

000 -LEADER
fixed length control field 00629nam a2200217Ia 4500
003 - CONTROL NUMBER IDENTIFIER
control field BUBTL
008 - FIXED-LENGTH DATA ELEMENTS--GENERAL INFORMATION
fixed length control field 151213s9999 xx 000 0 und d
020 ## - INTERNATIONAL STANDARD BOOK NUMBER
International Standard Book Number 0256202818
082 ## - DEWEY DECIMAL CLASSIFICATION NUMBER
Classification number 658.8/ P4412m/ 1996
100 ## - MAIN ENTRY--PERSONAL NAME
Personal name Peter, J. Paul
9 (RLIN) 2725
245 ## - TITLE STATEMENT
Title A Preface to Marketing Management:
Statement of responsibility, etc. J. Paul Peten & James H. Donnelly
250 ## - EDITION STATEMENT
Edition statement 7th
260 ## - PUBLICATION, DISTRIBUTION, ETC. (IMPRINT)
Place of publication, distribution, etc. U S A
Name of publisher, distributor, etc. Rob Zwettlen
Date of publication, distribution, etc. c1996
300 ## - PHYSICAL DESCRIPTION
Extent xi, 368p. :
Other physical details 23cm.
500 ## - GENERAL NOTE
General note Includes Index
650 ## - SUBJECT ADDED ENTRY--TOPICAL TERM
Topical term or geographic name as entry element Marketing
9 (RLIN) 2726
700 ## - ADDED ENTRY--PERSONAL NAME
Personal name J. Paul Peten & James H. Donnelly
9 (RLIN) 2727
856 ## - ELECTRONIC LOCATION AND ACCESS
Password 0
Logon 0
Link text Download
942 ## - ADDED ENTRY ELEMENTS (KOHA)
Source of classification or shelving scheme
Koha item type Books
Holdings
Withdrawn status Lost status Source of classification or shelving scheme Damaged status Not for loan Collection code Permanent location Current location Shelving location Date acquired Inventory number Total Checkouts Full call number Barcode Date last seen Copy number Price effective from Koha item type
          Non-fiction Bangladesh University of Business and Technology Library Bangladesh University of Business and Technology Library Marketing Stacks 12/23/2019 2807   658.8/PEM BUBTL-20032807 12/23/2019 C-1 12/23/2019 Books

More Information About Library

Library Hours

  • Open: 9.00 am. to 9.00 pm.
  • Only Sunday: 9.00 am. to 6.00 pm.
  • Closed: Holiday

Contact to the University

Bangladesh University of Business and Technology Library

  • Mirpurl-2, 1216.
  • Phone:
  • Fax:
  • E-Mail: admin.library@bubt.edu.bd

Contact to the Library

Contact Person:

Md. Abdul Hakim Shah
Joint Librarian
PABX No:  113
Cell No: 01816332931
E-mail: official: admin.library@bubt.edu.bd
Personal: hakim.shah@bubt.edu.bd


BUBT Library

Copyright © 2021